000 01036cam a2200325 a 4500
008 120724s2005 sp b f000 0 spa d
020 _a9788476356159
040 _aEG-GiCUC
_bspa
_cEG-GiCUC
092 0 4 _a302.2
_bS2353
_221
099 _a04
_a302.2 S2353
100 1 _aSantiago Guervos, Javier de.
245 1 3 _aPrincipios de comunicación persuasiva /
_cJavier de Santiago Guervos.
250 _a1. ed.
260 _aMadrid:
_bArco/Libros,
_c2005.
300 _a93 p. ;
_c22 cm.
490 1 _aCuadernos de lengua española;
_v86.
504 _aIncludes bibliographical references (p. [91]-93).
650 0 _aCommunication.
650 0 _aPersuasion (Psychology).
650 0 _aPersuasion (Rhetoric).
653 _aComunicación.
653 _aPersuasión (Psicología).
653 _aPersuasión (Retórica).
830 0 _aCuadernos de lengua española;
_v86.
902 _a1
905 _aJamal
_eCat.
905 _aJihan
_eRev.
942 _2ddc
_cBK
999 _c125852
_d125852